| 000 | 01014nam0a2200289 4500 | ||
|---|---|---|---|
| 001 | RU\NLR\ONL1\7346 | ||
| 005 | 20260406070852.0 | ||
| 035 | _a(NLR Aleph) 009636097 | ||
| 090 |
_a9524604 _c9524604 |
||
| 100 | _a20051220d1988 |||y0rusy50 ca | ||
| 101 | 0 | _audm | |
| 102 | _aRU | ||
| 105 | _ac ||||||||| | ||
| 200 | 1 |
_aСекыт зибет _f[Вступ. ст. П. Поздеева] |
|
| 210 |
_aИжевск _cУдмуртия _d1988 |
||
| 215 |
_a391 с. _cпортр. _d21 |
||
| 225 | 1 | _aШк. б-ка | |
| 300 | _aВ вып. дан. авт.: Кедра Митрей (Д. И. Корепанов) | ||
| 541 | 1 |
_aТяжкое иго _eПроза, поэзия: Для сред. и ст. шк. возраста _zrus |
|
| 686 | 1 | _aШ9(2)6=У я44 | |
| 700 | 1 |
_4070 _8rus _7ca _aКедра _bМ. _f1892-1949 _gМитрей _3RU\NLR\auth\7716046 _9125690 |
|
| 801 | 0 |
_aRU _bNLR _c20051220 _gPSBO |
|
| 852 |
_aNLR _bОНЛ _jУдмур./3-1244 |
||
| 942 | _cBOOK | ||
| 980 | _aNB | ||